LEADER 01041cam0 2200301 450 001 E600200038327 005 20251210074822.0 100 $a20080702d1984 |||||ita|0103 ba 101 $aita 102 $aIT 200 1 $a<>Re Sole$fLouis de Rouvroy de Saint-Simon$gcur. Jean-Michel Gardair 205 $a2. ed 210 $aMilano$cGarzanti$d1984 215 $aXIX p.$d206 p.$d18 cm 225 2 $agrandi libri Garzanti 300 $aTraduzione di Adalberto Cremonese 410 1$1001LAEC00015697$12001 $aI *grandi libri Garzanti 700 1$aSaint-Simon$b, Claude-Henri : de$3A600200051660$4070$0126206 702 1$aGardair, Jean-Michel$3A600200048882$4070 801 0$aIT$bUNISOB$c20251210$gRICA 850 $aUNISOB 852 $aUNISOB$j840|Coll|6|K$m67950 912 $aE600200038327 940 $aM 102 Monografia moderna SBN 941 $aM 957 $a840|Coll|6|K$b000038$gSi$d67950$racquisto$1pregresso1$2UNISOB$3UNISOB$420080702100815.0$520251209092731.0$6bethb 996 $aRe Sole$91685891 997 $aUNISOB